UK business confidence monitor report (Record no. 119242)

MARC details
000 -LEADER
fixed length control field 00874cad a22002055a 4500
001 - CONTROL NUMBER
control field E148382
008 - FIXED-LENGTH DATA ELEMENTS--GENERAL INFORMATION
fixed length control field 090911c xxkqr wf 000 0 eng d
035 ## - SYSTEM CONTROL NUMBER
System control number (Sirsi) u148382
041 0# - LANGUAGE CODE
Language code of text/sound track or separate title eng
110 2# - MAIN ENTRY--CORPORATE NAME
Corporate name or jurisdiction name as entry element Institute of Chartered Accountants in England and Wales
9 (RLIN) 2450
245 00 - TITLE STATEMENT
Title UK business confidence monitor report
Remainder of title Scotland
Medium [electronic resource]
260 ## - PUBLICATION, DISTRIBUTION, ETC.
Place of publication, distribution, etc. London
Name of publisher, distributor, etc. ICAEW
Date of publication, distribution, etc. [200-?]-
362 0# - DATES OF PUBLICATION AND/OR SEQUENTIAL DESIGNATION
Dates of publication and/or sequential designation 4th Quarter 2007-
520 ## - SUMMARY, ETC.
Summary, etc. Looks at issues related to business confidence in Scotland, including business financial performance and trends in business confidence.
554 ## -
-- Four per year
651 #4 - SUBJECT ADDED ENTRY--GEOGRAPHIC NAME
Geographic name Scotland
Chronological subdivision 1999-
690 ## - LOCAL SUBJECT ADDED ENTRY--TOPICAL TERM (OCLC, RLIN)
Topical term or geographic name as entry element MANAGEMENT-BUSINESS MANAGEMENT
856 40 - ELECTRONIC LOCATION AND ACCESS
Uniform Resource Identifier <a href="https://www.icaew.com/index.cfm/route/151990/icaew_ga/en/Home/About_us/ICAEW_Business_Confidence_Monitor_BCM">https://www.icaew.com/index.cfm/route/151990/icaew_ga/en/Home/About_us/ICAEW_Business_Confidence_Monitor_BCM</a>
Public note View the reports free of charge at www.icaew.com...
942 ## - ADDED ENTRY ELEMENTS (KOHA)
Suppress in OPAC 0
Holdings
Withdrawn status Lost status Source of classification or shelving scheme Damaged status Not for loan Home library Current library Shelving location Date acquired Total Checkouts Full call number Barcode Date last seen Copy number Price effective from Koha item type
    Dewey Decimal Classification     Virtual Virtual Online 11/09/2009   ONLINE PUBLICATION 148382-2001 06/08/2019 1 06/08/2019 Book